Регионална библиотека "Любен Каравелов" - Русе

Wie sagt man anderswo? (Запис номер 49381)

MARC детайли
000 -Лидер
Контролно поле с фиксирана дължина 01017nam a2200277 c 4500
003 - Код на организацията, давaща контролен номер
Контролно поле BLK
005 - Дата и час на последна редакция
Контролно поле 20180413122544.0
008 - Елементи от данни с фиксирана дължина
fixed length control field 180408b bul|||||r ||||||| ||bul||
010 ## - Наследен системен номер
LC control number KNG00053231000
020 ## - Международен стандартен номер на книга ISBN
Международен стандартен номер на книга ISBN 3-411-01978-6
-- издат.: Bibliographisches Institut
040 ## - Източник на каталожния запис
Идентификатор на билиотеката - собственик на записа BLK
041 ## - Код за език
Код за езика на текст/звукозапис или на отделно заглавие Немски
Код за езика КДБФ Немски
080 ## - УДК
Текстов определител УДК Немски език (високонемски, стандартен писмен)
УДК код - определител по УДК 811.112.2
УДК определител -087(038.1)
УДК - код + определител 811.112.2-087(038.1)
139 ## - Редно поле
Редна дума SEIBICKE, Wolfried
Авторски знак
245 10 - Сведения за заглавието
Заглавие Wie sagt man anderswo?
Подзаглавни данни Alsterwasser oder Radlerwass?: Fleischer, Metzger oder Schlater?: Landschaftliche Unterschiede im deutschen Sprachgebrauch
250 ## - Област на изданието
Сведения за изданието 2. neu bearb und erw. Aufl
260 ## - Област на издателските данни
-- Mannheim et al.
Име на издателя, разпространителя и проч. Bibliographisches Institut
Година на издаване 1983
300 ## - Физическа характеристика
Страници 192 c
Размери/Мащаб 19 cm
380 ## - Жанр
Жанр Езикознание. Филология
490 1# - СЕРИИ (Колекции)
Име на серия Duden Taschenbucher
№: серия Bd. 15
852 ## - Местоположение
Форматна сигнатура Цб 187068
856 4# - Електронен адрес и достъп
Електронен формат pdf - файл
Път до файла /url/
856 4# - Електронен адрес и достъп
Електронен формат pdf - файл
Път до файла /url/
942 ## - АРТИКУЛИ
Вид на библиотечния материал Книги
Скрит в OPAC Не
944 ## - СЪЗДАВАНЕ И РЕДАКЦИЯ на ЗАПИСА
Създаване/Редакция Създаване
Дата на регистрацията/редакция 01.01.1999
Служител, извършил регистрацията/редакцията AB_DOS
944 ## - СЪЗДАВАНЕ И РЕДАКЦИЯ на ЗАПИСА
Създаване/Редакция Редакция
Дата на регистрацията/редакция 13.02.2017
Служител, извършил регистрацията/редакцията Лили_Борисова
999 ## - СИСТЕМНИ КОНТРОЛНИ НОМЕРА
Koha biblionumber 49381
Koha biblioitemnumber 49381
Наличности
Код за отписване Код за изгубен артикул Източник на класификационната схема Код за повреда Коз за рестрикции Код за отдаване Артикулен № Име на библиотеката - собственик Име на библиотеката, в която се намира в момента Статус (Текущо местоположение) Дата на вписване в системата Местоположение - отдел Цена в лева Инвентарен номер Систематично азбучна сигнатура Баркод Номер на екземпляра Цена в евро Служебна бележка Служебен тип на артикула
  Не е изгубен Universal Decimal Classification Не е повреден само за читалня ползва се в читалня 77328 Регионална библиотека "Любен Каравелов" Русе Регионална библиотека "Любен Каравелов" Русе Читалня 5 - справочен фонд 2002-01-01 Читалня 5 - справочен фонд 20.00 120000905191 C5 803.0(038)/S 44 W 120000905191 1 10.23 Дост: Da Дата: 01.01.1983 Книги
Vip Innovations Ltd, Rousse, Bulgaria 2025